Population ecology of raptors

保存先:
書誌詳細
第一著者: Newton, Ian (著者)
フォーマット: 図書
言語:英語
出版事項: Berkshire, England, United Kingdom T & A. D. Poyser 1979
主題:
タグ: タグ追加
タグなし, このレコードへの初めてのタグを付けませんか!

MARC

LEADER 00000nam a2200000 a 4500
001 UCT5474
003 CL-VaPUC
005 20230622100935.0
008 961211e19790000uk |||||||||||||||||eng|d
999 |c 254396  |d 254394 
040 |c Pontificia Universidad Católica de Valparaíso 
082 0 4 |a 598.91 NEW 1979  |2 21 
100 |a Newton, Ian  |e author  |9 374946 
245 1 0 |a Population ecology of raptors 
260 0 3 |a Berkshire, England, United Kingdom  |b T & A. D. Poyser  |c 1979 
300 |a 399 páginas 
583 |a last modification  |c 20171214 11:33:45  |k Rodrigo Vera 
650 7 |a ECOLOGIA ANIMAL  |2 CL-VaPUC  |9 374947 
650 7 |a HALCONES  |2 CL-VaPUC  |9 374948 
650 0 |a Águilas  |9 567581 
650 0 |a Zoología  |9 261613 
650 0 |a Ornitología  |9 269493 
650 7 |a COMPORTAMIENTO ANIMAL  |2 CL-VaPUC  |9 334602 
650 7 |a RECURSOS ANIMALES  |2 CL-VaPUC  |9 357360 
942 |c BK  |2 ddc 
945 |d 19961211 00:00:00  |a paguirre 
952 |0 0  |1 0  |2 ddc  |4 0  |6 598_910000000000000_NEW_1979  |7 0  |8 A  |9 276046  |a BIBCUR  |b BIBCUR  |d 2019-11-19  |i 1797166  |o 598.91 NEW 1979  |p 1797166  |r 2025-04-22  |t 1  |w 2019-11-19  |y BK  |k BIO